01140 2200361 4500001002100000005001500021035002000036007000300056008004100059020002200100040002200122082001500144084001700159090002100176090002200197100002600219245011300245250004100358300005100399500001100450650002000461700003000481700002800511700003700539850001200576504003600588264003600624336002100660337003000681338002300711999002200734990002200756INLIS00000000085776220210325082553 a0010-0321000785ta210316s2019 yoia g 1 ind d a978-623-228-172-1 aYOPDYOGbinderda04223a352.43 a352.43 SRI a aDEP 352.43 SRI a aCB-D.11 2019-36100 aSri Rusiyatiepenulis10aAkuntansi keuangan dasar /cpenulis, Sri Rusiyati, Susan Rachmawati, Dedi Suharyadi, Amin Setio Lestiningsih aEdisi pertama, Cetakan pertama, 2019 aviii, 180 halaman :bilustrasi, tabel ;c24 cm aIndeks 4aKeuangan daerah0 aSusan Rachmawatiepenulis0 aDedi Suharyadiepenulis0 aAmin Setio Lestiningsihepenulis aYOPDYOG aBibliografi : halaman [167]-16831aYogyakarta :bGraha Ilmu,c2019 2rdacontentateks 2rdamediaatanpa perantara 2rdacarrieravolume aCB-D.11/2019-3610 aCB-D.11/2019-3610